000
00199nam a2200085Ia 4500
008
170620s9999 xx 000 0 und d
100
_a
Kapoor -S . K .
245
0
_a
Specific relief Act
260
_b
Commercial Law
260
_c
2001
999
_c
28680
_d
28680